000 00466nmm a2200157Ia 4500
008 251105s9999||||xx |||||||||||||||||und||
020 _a9788491165286
041 _aspa
100 _aPlanella Ribera, Jordi
245 0 _aAcompañamiento social
264 _a[Madrid, España] :
_bUniversitat Oberta de Catalunya,
_c2017
300 _a124 páginas
650 _aSocial Sciences (General)
856 _uhttps://public.digitaliapublishing.com/a/47318
942 _cCF
999 _c88407
_d88407